Inorganic chemistry : Principles of structure and reactivity
Contents: What is inorganic chemistry; the structure of the atom; symetry and group theory; the soil state; acid-base chemistry; the inorganic chemistry of biologival systems.
Kaydedildi:
| Yazar: | |
|---|---|
| Materyal Türü: | Kitap |
| Dil: | Undetermined |
| Baskı/Yayın Bilgisi: |
New York
HarperCollins College Publishers
1993
|
| Konular: | |
| Etiketler: |
Etiketle
Etiket eklenmemiş, İlk siz ekleyin!
|
| Thư viện lưu trữ: | Trung tâm Học liệu Trường Đại học Cần Thơ |
|---|
| LEADER | 00770nam a2200205Ia 4500 | ||
|---|---|---|---|
| 001 | CTU_148688 | ||
| 008 | 210402s9999 xx 000 0 und d | ||
| 082 | |a 546 | ||
| 082 | |b H898 | ||
| 100 | |a Huheey, James E. | ||
| 245 | 0 | |a Inorganic chemistry : | |
| 245 | 0 | |b Principles of structure and reactivity | |
| 245 | 0 | |c James E. Huheey, Ellen A. Keiter, Richard L. Keiter | |
| 260 | |a New York | ||
| 260 | |b HarperCollins College Publishers | ||
| 260 | |c 1993 | ||
| 520 | |a Contents: What is inorganic chemistry; the structure of the atom; symetry and group theory; the soil state; acid-base chemistry; the inorganic chemistry of biologival systems. | ||
| 650 | |a Chemistry, Inorganic | ||
| 904 | |i Tuyến | ||
| 980 | |a Trung tâm Học liệu Trường Đại học Cần Thơ | ||